[Event "Medellin Sub zt 2.3.2"]
[Site "Medellin"]
[Date "2025.04.17"]
[Round "6"]
[White "Santos Rios, Carlos Gabriel"]
[Black "Silva Barajas, Jose Alejandro"]
[Result "0-1"]
[WhiteElo "1829"]
[BlackElo "1681"]
[PlyCount "99"]
[EventDate "2025.04.14"]
[EventType "swiss"]
[EventRounds "9"]
[EventCountry "COL"]
[SourceTitle "CB18_2025"]
[SourceDate "2025.04.30"]
[SourceVersion "1"]
[SourceVersionDate "2025.04.30"]
[SourceQuality "1"]

1. c4 c6 2. Nf3 d5 3. e3 Nf6 4. b3 Bf5 5. Bb2 e6 6. Be2 Nbd7 7. 0-0 Bd6 8. d4 Qe7 9. a3 0-0 10. Nh4 Bxb1 11. Qxb1 Ne4 12. Nf3 f5 13. Qc2 Ndf6 14. Ne5 Bxe5 15. dxe5 Ng4 16. h3 Nh6 17. Bd3 Qh4 18. f4 g5 19. Bxe4 fxe4 20. cxd5 cxd5 21. Bd4 g4 22. Qf2 Qxf2+ 23. Kxf2 gxh3 24. gxh3 a6 25. Rg1+ Kf7 26. Rac1 Rac8 27. Bc5 Rg8 28. b4 Rxg1 29. Rxg1 Nf5 30. Rg5 Rg8 31. Rxg8 Kxg8 32. a4 Kg7 33. Kg2 Kg6 34. a5 h5 35. Kf2 Kf7 36. Ke2 Ke8 37. Kd2 Kd7 38. Bf8 Kc6 39. Bc5 Kb5 40. Ke2 Kc4 41. Kd2 d4 42. exd4 e3+ 43. Ke2 h4 44. d5 Kxd5 45. Kd3 e2 46. Bf2 Nd4 47. Ke3 e1Q+ 48. Bxe1 Nc2+ 49. Ke2 Nxe1 50. Kxe1 0-1

[Event "Medellin Sub zt 2.3.2"]
[Site "Medellin"]
[Date "2025.04.16"]
[Round "5"]
[White "Silva Barajas, Jose Alejandro"]
[Black "Gutierrez, Jhon Jaime"]
[Result "1/2-1/2"]
[WhiteElo "1681"]
[BlackElo "1850"]
[PlyCount "101"]
[EventDate "2025.04.14"]
[EventType "swiss"]
[EventRounds "9"]
[EventCountry "COL"]
[SourceTitle "CB18_2025"]
[SourceDate "2025.04.30"]
[SourceVersion "1"]
[SourceVersionDate "2025.04.30"]
[SourceQuality "1"]

1. e4 e6 2. d4 d5 3. exd5 exd5 4. Bd3 Nf6 5. Bf4 Bd6 6. Ne2 0-0 7. 0-0 a6 8. c3 Be7 9. Nd2 Nh5 10. Qc2 h6 11. h3 Nxf4 12. Nxf4 c6 13. Nf3 Bd6 14. Ne2 Qf6 15. Ne5 Bxe5 16. dxe5 Qxe5 17. Ng3 Be6 18. f4 Qf6 19. Nh5 Qh4 20. f5 Bc8 21. Qe2 Kh8 22. Rf4 Qg5 23. h4 Qd8 24. Nxg7 Qd6 25. Rg4 Nd7 26. Nh5 Ne5 27. Rg3 Bd7 28. Qe3 Nxd3 29. Qxd3 Rg8 30. Qd4+ f6 31. Qxf6+ Qxf6 32. Rxg8+ Rxg8 33. Nxf6 Rd8 34. Nxd7 Rxd7 35. Kh2 Kg7 36. Re1 h5 37. Kh3 Kf6 38. g4 hxg4+ 39. Kxg4 Rg7+ 40. Kf4 Rg2 41. Re6+ Kf7 42. b4 Rxa2 43. Rh6 Re2 44. Rh7+ Kf6 45. Rxb7 Re4+ 46. Kf3 Rxh4 47. Ke3 Kxf5 48. Rb6 Ke5 49. Rxa6 Rc4 50. Kd3 c5 51. b5 1/2-1/2

[Event "COL-ch U18"]
[Site "Bucaramanga"]
[Date "2025.04.05"]
[Round "5"]
[White "Becker Newmark, Jeronimo"]
[Black "Silva Barajas, Jose Alejandro"]
[Result "1/2-1/2"]
[WhiteElo "1828"]
[BlackElo "1681"]
[PlyCount "87"]
[EventDate "2025.04.03"]
[EventType "swiss"]
[EventRounds "7"]
[EventCountry "COL"]
[SourceTitle "CB15_2025"]
[SourceDate "2025.04.09"]
[SourceVersion "1"]
[SourceVersionDate "2025.04.09"]
[SourceQuality "1"]

1. e4 c5 2. Nc3 Nc6 3. Nf3 d6 4. d4 cxd4 5. Nxd4 g6 6. Be3 Nf6 7. Be2 Bg7 8. 0-0 0-0 9. f4 Bd7 10. Bf3 Nxd4 11. Bxd4 Bc6 12. Qe2 a5 13. Rad1 Qc7 14. Nd5 Bxd5 15. exd5 Rfe8 16. Kh1 Nd7 17. Bxg7 Kxg7 18. Rd3 Nc5 19. Re3 e5 20. dxe6 Rxe6 21. f5 Rxe3 22. Qxe3 f6 23. fxg6 hxg6 24. Bd5 Qd7 25. Re1 Rb8 26. c3 b5 27. b4 axb4 28. cxb4 Na4 29. Qe7+ Qxe7 30. Rxe7+ Kh6 31. Re6 Nc3 32. Bb3 Rc8 33. h3 Kg5 34. Rxd6 Ra8 35. Rd2 f5 36. g3 Re8 37. Kg2 Re1 38. h4+ Kh6 39. Rc2 Ne4 40. Bd5 Kh5 41. Bxe4 Rxe4 42. a3 Re3 43. Rc7 Rxa3 44. Kh3 1/2-1/2

[Event "Bucaramanga Santander-ch"]
[Site "Bucaramanga"]
[Date "2024.11.02"]
[Round "8"]
[White "Silva Barajas, Jose Alejandro"]
[Black "Sanabria Calderon, Santiago"]
[Result "0-1"]
[WhiteElo "1652"]
[BlackElo "1611"]
[PlyCount "62"]
[EventDate "2024.10.29"]
[EventType "swiss"]
[EventRounds "9"]
[EventCountry "COL"]
[SourceTitle "CB45_2024"]
[Source "ChessBase"]
[SourceDate "2024.11.06"]
[SourceVersion "1"]
[SourceVersionDate "2024.11.06"]
[SourceQuality "1"]

1. e4 c5 2. Nf3 e6 3. d4 cxd4 4. Nxd4 a6 5. c4 Qc7 6. Nc3 Nf6 7. a3 Be7 8. Be3 0-0 9. Be2 b6 10. Rc1 Bb7 11. f3 d6 12. b4 Nbd7 13. 0-0 Rac8 14. Qb3 Ne5 15. Na4 Nfd7 16. Nb2 Rfd8 17. f4 Nc6 18. Bf3 Nxd4 19. Bxd4 Bf6 20. Bxf6 Nxf6 21. Qe3 Bc6 22. g4 Qb7 23. Rce1 d5 24. cxd5 exd5 25. e5 d4 26. Bxc6 Qxc6 27. Qg3 Ne4 28. Qd3 Nc3 29. Rc1 Qe6 30. h3 h5 31. Qg3 Ne2+ 0-1

[Event "Bucaramanga Santander-ch"]
[Site "Bucaramanga"]
[Date "2024.10.31"]
[Round "5"]
[White "Carreno Poveda, Esteban David"]
[Black "Silva Barajas, Jose Alejandro"]
[Result "0-1"]
[WhiteElo "1504"]
[BlackElo "1652"]
[PlyCount "78"]
[EventDate "2024.10.29"]
[EventType "swiss"]
[EventRounds "9"]
[EventCountry "COL"]
[SourceTitle "CB45_2024"]
[Source "ChessBase"]
[SourceDate "2024.11.06"]
[SourceVersion "1"]
[SourceVersionDate "2024.11.06"]
[SourceQuality "1"]

1. e4 c5 2. Nf3 Nc6 3. d4 cxd4 4. Nxd4 g6 5. Be3 Bg7 6. c3 Nf6 7. Bd3 0-0 8. Qe2 d5 9. exd5 Nxd5 10. Nxc6 bxc6 11. 0-0 Nxe3 12. Qxe3 Qb6 13. Qxb6 axb6 14. Re1 e6 15. Be4 Bb7 16. Na3 Rxa3 17. bxa3 Bxc3 18. Rac1 Bxe1 19. Rxe1 Rd8 20. Kf1 Ba6+ 21. Kg1 c5 22. g3 Rd2 23. Rb1 Rd6 24. a4 Bc4 25. a3 Bd5 26. Bc2 c4 27. h4 f5 28. f4 Kf7 29. Rd1 Ke7 30. Re1 Kd7 31. Kf2 Kc6 32. Re5 b5 33. Ke3 Kc5 34. Bd1 bxa4 35. Bxa4 Ra6 36. Bd7 Rxa3+ 37. Kf2 Kd6 38. Bb5 Rf3+ 39. Ke2 Rxg3 0-1

[Event "Bucaramanga Santander-ch"]
[Site "Bucaramanga"]
[Date "2024.10.30"]
[Round "2"]
[White "Silva Barajas, Jose Alejandro"]
[Black "Munoz, Alvaro E"]
[Result "1-0"]
[WhiteElo "1652"]
[BlackElo "1825"]
[PlyCount "75"]
[EventDate "2024.10.29"]
[EventType "swiss"]
[EventRounds "9"]
[EventCountry "COL"]
[SourceTitle "CB45_2024"]
[Source "ChessBase"]
[SourceDate "2024.11.06"]
[SourceVersion "1"]
[SourceVersionDate "2024.11.06"]
[SourceQuality "1"]

1. e4 g6 2. d4 Bg7 3. Bc4 d6 4. Nf3 Nd7 5. Be3 c5 6. c3 Nb6 7. Bb5+ Bd7 8. Bxd7+ Nxd7 9. Na3 Rc8 10. d5 Ngf6 11. Nd2 Ne5 12. 0-0 0-0 13. f3 a6 14. Nac4 Ned7 15. Bf2 b5 16. Ne3 Ne5 17. c4 Nh5 18. Qc2 Nf4 19. Bg3 Ne2+ 20. Kh1 Nxg3+ 21. hxg3 e6 22. f4 Nd7 23. Nf3 e5 24. f5 Nf6 25. g4 h5 26. g5 Ng4 27. Qe2 f6 28. fxg6 Nxe3 29. Qxe3 f5 30. exf5 Rxf5 31. cxb5 axb5 32. Qd3 Qd7 33. a4 bxa4 34. Rxa4 Rxf3 35. Qxf3 Rf8 36. Ra8 Rxa8 37. Qxh5 Bh8 38. Rf7 1-0

[Event "Velez Rapid op 10th"]
[Site "Velez Santander"]
[Date "2023.11.06"]
[Round "1"]
[White "Ruiz Aguilar, Pablo Alexander"]
[Black "Silva Barajas, Jose Alejandro"]
[Result "1-0"]
[WhiteElo "2162"]
[BlackElo "1307"]
[PlyCount "62"]
[EventDate "2023.11.06"]
[EventType "swiss (rapid)"]
[EventRounds "10"]
[EventCountry "COL"]
[SourceTitle "CBM 217 Extra"]
[Source "ChessBase"]
[SourceDate "2024.01.31"]
[SourceVersion "1"]
[SourceVersionDate "2024.01.31"]
[SourceQuality "1"]

1. e4 c5 2. Nf3 Nc6 3. Nc3 a6 4. d4 cxd4 5. Nxd4 Nf6 6. Be3 e6 7. a3 Be7 8. Be2 d6 9. 0-0 0-0 10. Kh1 Bd7 11. Nb3 Re8 12. f4 Bf8 13. Qd2 Qe7 14. Rad1 Red8 15. Bb6 Rdc8 16. Bf3 a5 17. g4 a4 18. Nc1 Ra6 19. Bg1 Ne8 20. g5 g6 21. Nd3 Bg7 22. Bg2 e5 23. Nd5 Qd8 24. c4 Nd4 25. N3b4 Raa8 26. Qd3 Bc6 27. h4 Nc7 28. Nb6 Rab8 29. Nxc8 Qxc8 30. Bh3 Qd8 31. Nd5 Nxd5 1-0

[Event "Velez op 10th"]
[Site "Velez Santander"]
[Date "2023.11.04"]
[Round "7"]
[White "Silva Barajas, Jose Alejandro"]
[Black "Santagada, Hector Ricardo"]
[Result "0-1"]
[WhiteElo "1307"]
[BlackElo "1775"]
[PlyCount "46"]
[EventDate "2023.11.01"]
[EventType "swiss"]
[EventRounds "10"]
[EventCountry "COL"]
[SourceTitle "CBM 217 Extra"]
[Source "ChessBase"]
[SourceDate "2024.01.31"]
[SourceVersion "1"]
[SourceVersionDate "2024.01.31"]
[SourceQuality "1"]

1. e4 c5 2. d4 cxd4 3. c3 dxc3 4. Nxc3 Nc6 5. Bc4 e6 6. Nf3 d6 7. 0-0 Nf6 8. e5 dxe5 9. Qxd8+ Kxd8 10. Rd1+ Bd7 11. Bg5 a6 12. Bxf6+ gxf6 13. Rd2 Kc7 14. Rad1 Nd4 15. Nxd4 exd4 16. Rxd4 Bc6 17. Ne4 e5 18. R4d3 Bxe4 19. Rd7+ Kb6 20. Rxf7 Bc5 21. Rxf6+ Ka7 22. b4 Bxb4 23. Bxa6 Rhd8 0-1

[Event "Bucaramanga op"]
[Site "Bucaramanga"]
[Date "2023.09.08"]
[Round "5"]
[White "Silva Barajas, Jose Alejandro"]
[Black "Santos Martinez, Isaac Mauricio"]
[Result "1-0"]
[WhiteElo "1344"]
[BlackElo "1180"]
[PlyCount "53"]
[EventDate "2023.09.06"]
[EventType "swiss"]
[EventRounds "9"]
[EventCountry "COL"]
[SourceTitle "CBM 216 Extra"]
[Source "ChessBase"]
[SourceDate "2023.11.30"]
[SourceVersion "1"]
[SourceVersionDate "2023.11.30"]
[SourceQuality "1"]

1. e4 e5 2. Nf3 Nc6 3. Bc4 Nf6 4. d3 Bc5 5. Bg5 h6 6. Bxf6 Qxf6 7. Nc3 0-0 8. Nd5 Qg6 9. Rg1 d6 10. Nxc7 Rb8 11. Nd5 Be6 12. Qe2 Nd4 13. Nxd4 Bxd4 14. Ne7+ Kh8 15. Nxg6+ fxg6 16. Bxe6 Bxb2 17. Rb1 Rf6 18. Rxb2 Rxe6 19. Qg4 Rf6 20. Rxb7 Rxb7 21. Qc8+ Kh7 22. Qxb7 a5 23. Ke2 g5 24. Rb1 Kg6 25. Qe7 a4 26. Qe8+ Rf7 27. Rb7 1-0